000 00629nam a2200193 a 4500
001 000034866
005 20200930073942.0
008 111020s1967 sp 000 0 spa d
040 _aDO-SdBNP
_bspa
_cBNPHU
082 _axxxx
_bxxxx
100 1 _aCrusafont Pairó, M.
_960407
245 1 3 _aEl fenómeno vital /
_cM Crusafont Pairó.
260 _aBarcelona, :
_bLabor,
_c1967.
300 _a133 p. ;
_c20 cm.
490 1 _aNueva colección Labor
500 _aIncluye índice de nombres y de materias
590 _aPerteneció a la biblioteca personal de Juan Isidro Jimenes Grullón
830 0 _aNueva colección labor
_947503
999 _c34357
_d34357